| 000 | 00835cab a22001935a 4500 | ||
|---|---|---|---|
| 001 | L148973 | ||
| 008 | 091209s2009 xxko f s 000 0 eng d | ||
| 035 | _a(Sirsi) u148973 | ||
| 041 | 0 | _aeng | |
| 110 | 1 |
_aFarmland Market _95484 |
|
| 245 | 0 | 0 | _aTenanted sector's changing fortunes |
| 260 | _c2009 | ||
| 490 |
_aFarmland Market _v(72) Autumn 2009, 40-41(2) |
||
| 520 | _aReports the results of the 2008 Tenanted Farms Survey organised by the Central Association of Agricultural Valuers. Suggests that the tenanted sector grew marginally in 2008, but that the trend has steadily declined since 2003. Highlights that one in seven Farm Business Tenancies was on land which was not formely let. | ||
| 590 | _aKA | ||
| 651 | 4 |
_aUnited Kingdom _y |
|
| 690 | _aPROPERTY-LANDLORD AND TENANT-TENANCIES-AGRICULTURAL TENANCIES | ||
| 942 | _n0 | ||
| 999 |
_c82016 _d82016 |
||